Secció de Servei Forestal : pi marítim (Pinus pinaster Sol.) pi marítim (Pinus pinaster Sol.)
Descripción Física:
[4] p. ; 28 cm
Materias:
Pins
MARC
| LEADER | 00000nam a2200000Ia 4500 | ||
|---|---|---|---|
| 001 | 23583 | ||
| 008 | 160829s1920 xx 000 0 cat d | ||
| 080 | |a RF-17-44 | ||
| 245 | |a Secció de Servei Forestal : |b pi marítim (Pinus pinaster Sol.) | ||
| 260 | |a Barcelona : |b Mancomunitat de Catalunya, |c 1920 | ||
| 300 | |a [4] p. ; |c 28 cm | ||
| 590 | |a Hi ha un duplicat a: DUP-73-55 | ||
| 650 | |a Pins |9 47939 | ||
| 710 | 2 | |a Catalunya. |b Mancomunitat |9 53015 | |
| 856 | 4 | |u https://media.diba.cat/diba/fitxers/arxiu/fulletons/bib_23583_1920_baixa.pdf |y Accés lliure | |
| 856 | 4 | |u https://media.diba.cat/diba/fitxers/arxiu/fulletons/bib_23583_1920_baixa.pdf |y Accés lliure | |
| 901 | |a Arxiu | ||
| 942 | |n 1 |2 udc | ||
| 952 | |0 0 |1 0 |4 0 |6 RF1744 |7 1 |9 54217 |a Arxiu |b Arxiu |d 2012-08-13 |l 0 |o RF-17-44 |p 23583 |r 2016-12-01 00:00:00 |w 2016-12-01 |y ARXIU | ||
| 999 | |c 58086 |d 58086 | ||
| 900 | |a bib_23583_1920_baixa.pdf | ||